Normal view
MARC view
- VHDL FOR PROGRAMMABLE LOGIC.VHDL SOFTWARE
Entry Topical Term
001 - CONTROL NUMBER
- control field: 69621
003 - CONTROL NUMBER IDENTIFIER
- control field: NUST
005 - DATE AND TIME OF LATEST TRANSACTION
- control field: 20210628204252.0
008 - FIXED-LENGTH DATA ELEMENTS
- fixed length control field: 210628|| aca||aabn | a|a d
040 ## - CATALOGING SOURCE
- Original cataloging agency: NUST
- Transcribing agency: NUST
150 ## - HEADING--TOPICAL TERM
- Topical term or geographic name entry element: VHDL FOR PROGRAMMABLE LOGIC.VHDL SOFTWARE
670 ## - SOURCE DATA FOUND
- Source citation: Work cat.: (NUST): Skahill, Kevin 69620, Vhdl for programmable logic, 2004
